Islam in Northern India During the Eighteenth Century (Record no. 11297)

MARC details
000 -LEADER
fixed length control field 00646nam a2200253 a 4500
020 ## - INTERNATIONAL STANDARD BOOK NUMBER
ISBN
082 00 - DEWEY DECIMAL CLASSIFICATION NUMBER
Classification number 297.8
Author Cutter UMA
100 ## - MAIN ENTRY--AUTHOR NAME
Author name Umar, Muhammad
245 ## - TITLE STATEMENT
Title Islam in Northern India During the Eighteenth Century
260 ## - PUBLICATION, DISTRIBUTION, ETC. (IMPRINT)
Place of publication Delhi
Name of publisher Munshiram Manoharlal Pub
Year of publication 1993
300 ## - PHYSICAL DESCRIPTION
Number of Pages 579p
500 ## - GENERAL NOTE
General note includes index and biblioraphy
505 2# - FORMATTED CONTENTS NOTE
Formatted contents note bibliography, index
650 ## - SUBJECT ADDED ENTRY--TOPICAL TERM
Topical Term Islam-History
650 ## - SUBJECT ADDED ENTRY--TOPICAL TERM
Topical Term Muslims-India
942 ## - ADDED ENTRY ELEMENTS (KOHA)
Koha item type Books
700 1# -
-- Umar, Muhammad
Holdings
Collection code Home library Current library Date acquired Cost, normal purchase price Full call number Accession Number Koha item type
  Henry Martyn Institute Library Henry Martyn Institute Library 06/27/2007 450.00 297.8 UMA 017246 Books
                   Copyright © 2026 | Henry Martyn Institute | Hyderabad | TS-500052 | INDIA | Implemented by hmi.edu.in
Hit-Count:

Powered by Koha